Taxmann's advanced accounting : (Record no. 168)
[ view plain ]
| 000 -LEADER | |
|---|---|
| fixed length control field | 00505nam a2200169 4500 |
| 001 - CONTROL NUMBER | |
| control field | 186 |
| 005 - DATE AND TIME OF LATEST TRANSACTION | |
| control field | 20181127160741.0 |
| 020 00 - INTERNATIONAL STANDARD BOOK NUMBER | |
| International Standard Book Number | 9788184780161 |
| 090 00 - LOCALLY ASSIGNED LC-TYPE CALL NUMBER (OCLC); LOCAL CALL NUMBER (RLIN) | |
| Classification number (OCLC) (R) ; Classification number, CALL (RLIN) (NR) | 657.48 S4548a 2008 |
| 100 00 - MAIN ENTRY--PERSONAL NAME | |
| Personal name | Sehgal, Ashok |
| 245 00 - TITLE STATEMENT | |
| Title | Taxmann's advanced accounting : |
| Remainder of title | Financial accounting / |
| Statement of responsibility, etc. | Dr. Ashok Sehgal, Dr. Deepak Sehgal |
| Medium | |
| 250 00 - EDITION STATEMENT | |
| Edition statement | 6th ed. |
| 260 00 - PUBLICATION, DISTRIBUTION, ETC. | |
| Place of publication, distribution, etc. | New Delhi : |
| Name of publisher, distributor, etc. | Taxmann Allied Services, |
| Date of publication, distribution, etc. | 2008. |
| 300 00 - PHYSICAL DESCRIPTION | |
| Extent | 1276 p. |
| 650 00 - SUBJECT ADDED ENTRY--TOPICAL TERM | |
| Topical term or geographic name entry element | Accounting. |
| General subdivision | |
| 700 ## - ADDED ENTRY--PERSONAL NAME | |
| Personal name | Sehgal, Deepak. |
| Numeration | |
| Titles and other words associated with a name | |
| Dates associated with a name | |
| Relator term | |
| Form subheading | |
| Language of a work | |
| Medium of performance for music | |
| Number of part/section of a work | |
| Arranged statement for music | |
| Name of part/section of a work | |
| Fuller form of name | |
| Key for music | |
| Version | |
| Title of a work | |
| Withdrawn status | Lost status | Source of classification or shelving scheme | Damaged status | Not for loan | Collection code | Home library | Current library | Shelving location | Date acquired | Cost, normal purchase price | Serial Enumeration / chronology | Inventory number | Full call number | Barcode | Date last seen | Copy number | Price effective from | Koha item type | Total Checkouts | Date last checked out | Total Renewals |
|---|---|---|---|---|---|---|---|---|---|---|---|---|---|---|---|---|---|---|---|---|---|
| Dewey Decimal Classification | Reference | RTC Library | RTC Library | Reference | 15/04/2022 | 495.00 | 1960 | 657.48 SEH | 30002013 | 18/09/2020 | 1 | 27/11/2018 | Reference | ||||||||
| Dewey Decimal Classification | Main TEST | RTC Library | RTC Library | Main opac | 15/04/2022 | 495.00 | 1964 | 657.48 SEH | 30002676 | 06/09/2022 | 7 | 27/11/2018 | Main | 2 | 22/08/2022 | ||||||
| Dewey Decimal Classification | Main TEST | RTC Library | RTC Library | Main opac | 15/04/2022 | 495.00 | 1959 | 657.48 SEH | 30002625 | 17/06/2025 | 6 | 27/11/2018 | Main | 4 | 03/06/2025 | 2 | |||||
| Dewey Decimal Classification | Main TEST | RTC Library | RTC Library | Main opac | 15/04/2022 | 495.00 | 1962 | 657.48 SEH | 30002655 | 07/10/2025 | 5 | 27/11/2018 | Main | 3 | 24/09/2025 | ||||||
| Dewey Decimal Classification | Main TEST | RTC Library | RTC Library | Main opac | 15/04/2022 | 495.00 | 1966 | 657.48 SEH | 30002660 | 16/06/2025 | 3 | 27/11/2018 | Main | 3 | 17/04/2025 | 3 | |||||
| Dewey Decimal Classification | Fac res | RTC Library | RTC Library | Faculty reserve | 23/12/2021 | 495.00 | 1963 | 657.48 SEH | 30002670 | 28/02/2022 | 2 | 27/11/2018 | Faculty Reserve | ||||||||
| Dewey Decimal Classification | Main TEST | RTC Library | RTC Library | Main opac | 15/04/2022 | 495.00 | 1968 | 657.48 SEH | 30002665 | 08/10/2025 | 4 | 27/11/2018 | Main | 2 | 24/09/2025 | 2 | |||||
| Dewey Decimal Classification | Main TEST | RTC Library | RTC Library | Main opac | 15/04/2022 | 495.00 | 1965 | 657.48 SEH | 30002640 | 22/10/2025 | 10 | 27/11/2018 | Main | 3 | 24/09/2025 | 1 |